000 00619nam a2200205 i 4500
001 119083
003 ES-MaACL
005 20250804072415.0
007 t|
008 070214s1985 sp |||| | spa d
020 _a84-206-0081-4
100 1 _aPérez Galdós, Benito,
_d1843-1920
_990871
245 1 3 _aEl doctor Centeno /
_cBenito Pérez Galdós.
260 _aMadrid :
_bAlianza,
_cD.L. 1985.
300 _a349 p. ;
_c18 cm.
490 1 _aEl libro de bolsillo. Sección literatura ;
_v1081
830 0 3 _aEl libro de bolsillo.
_pLiteratura
_v1081
_9180913
852 _aES-MaACL
_jL-8206
999 _c119083
_d119083